Multiple Choice lustige Tierfakten - Statistiken

Allgemein
  • Dieses Quiz wurde 1.952 mal gespielt
  • Das Durchschnittsergebnis liegt bei 11 aus 25
Antwortstatistiken
Frage Antwort % Korrekt
Welches Tier hat 3 Herzen? Oktopus
89%
Die Zunge welchen Tieres ist doppelt so lange wie dessen Körper? Chamäleon
76%
Welches Tier kann rückwärts fliegen? Kolibri
72%
Bei welchem Tier tragen die Männchen die Kinder aus? Seepferdchen
72%
Welches Tier ist das einzige Säugetier, welches fliegen kann? Fledermaus
69%
Welches Tier hält Händchen, um beim Schlafen nicht auseinander zu treiben? Otter
69%
Welches Tier produziert in seinem Leben bis zu 30.000 Zähnen? Hai
67%
Welches Tier kann durch seinen Po atmen? Schnappschildkröte
56%
Welches Tier verständigt sich durch Tanzen? Biene
54%
Welches Tier hat würfelörmigen Kot? Wombat
53%
Welches Tier kann nicht springen? Elefant
48%
Welches Tier kann tagelang mit abgeschlagenem Kopf überleben? Schabe
47%
Welches Tier kann über 400 Wirbel haben? Schlangen
45%
Welches Tier benutzt seine Nase als Schnorchel? Tapir
45%
Welches Tier nutzt seine Fürze, um seine Wassertiefe zu regulieren? Seekuh
43%
Welches Tier schläft bis zu 20 Stunden am Tag? Faultier
42%
Die Männchen welcher Tierart schenken ihren Liebsten Kieselsteine? Pinguine
40%
Welches Tier wird bis zu 400 Jahren alt? Grönlandhai
34%
Welches Tier hat 11 Gehirne? Seidenspinner
24%
Die Weibchen welcher Tierart haben 3 Vaginas? Kängurus
23%
Welches Tier leuchtet unter UV-Licht grün? Schnabeltier
18%
Die Weibchen welcher Tierart spritzen Urin in das Gesicht des Männchen um dieses anzulocken? Hummer
17%
Welche Tiere küssen sich bei einem Treffen um sich zu erkennen? Eichhörnchen
14%
Welches Tier stellt sich tot, um nicht mit Männchen Geschlechtsverkehr haben zu müssen? Libelle
14%
Welche Tiere sind linkshänder? Eisbären
9%
Keine übereinstimmenden Quizze gefunden
Verteilung der Resultate
Anzahl Personen mit jedem Resultat
Perzentil nach korrekt beantworteten Fragen
Ihre Resultats-Entwicklung
Sie haben dieses Quiz noch nicht gespielt